[Event "Merida World Heritage op 3rd"]
[Site "Merida"]
[Date "2023.08.04"]
[Round "8"]
[White "Figuero Toro, Julian Francisco"]
[Black "Guerreiro, Jose Velho"]
[Result "1-0"]
[WhiteElo "2211"]
[BlackElo "1634"]
[PlyCount "129"]
[EventDate "2023.07.31"]
[EventType "swiss"]
[EventRounds "9"]
[EventCountry "ESP"]
[SourceTitle "CBM 215 Extra"]
[Source "ChessBase"]
[SourceDate "2023.09.30"]
[SourceVersion "1"]
[SourceVersionDate "2023.09.30"]
[SourceQuality "1"]

1. c4 c5 2. Nc3 Nc6 3. g3 g6 4. Bg2 Bg7 5. a3 d6 6. Nf3 Nf6 7. Rb1 a5 8. 0-0 Bf5 9. d3 Qd7 10. Nd5 Nxd5 11. cxd5 Na7 12. a4 0-0 13. Bd2 b5 14. b3 Rfb8 15. Qc2 Nc8 16. Rfc1 bxa4 17. bxa4 Nb6 18. e4 Bg4 19. h3 Bxf3 20. Bxf3 Qxh3 21. Bc3 Bxc3 22. Qxc3 Qd7 23. Bd1 Nxa4 24. Rxb8+ Rxb8 25. Qxa5 Nb2 26. Be2 Qa4 27. Qc7 Re8 28. Qb7 Qa3 29. Rb1 Nxd3 30. Qb5 Rc8 31. Qxd3 Qa2 32. Qb5 c4 33. Qb7 Re8 34. Qb2 Qxb2 35. Rxb2 Rc8 36. Rc2 c3 37. f3 Kg7 38. Kf2 g5 39. Ke3 h5 40. Bd3 e6 41. dxe6 fxe6 42. Kd4 Kf6 43. Rh2 h4 44. gxh4 gxh4 45. Bc2 Kg5 46. Ke3 d5 47. e5 Rc4 48. Rg2+ Kh5 49. Bg6+ Kh6 50. Bd3 Rc6 51. f4 Kh5 52. Bg6+ Kh6 53. Bc2 Kh5 54. Rg5+ Kh6 55. Rg6+ Kh5 56. f5 h3 57. Kf2 Rc4 58. fxe6 Rf4+ 59. Kg3 Rf8 60. Kxh3 Re8 61. Kg3 Re7 62. Kf4 d4 63. Kf5 Rc7 64. Rg3 Kh6 65. Ke4 1-0

[Event "Merida World Heritage op 2nd"]
[Site "Merida"]
[Date "2022.08.06"]
[Round "7"]
[White "Guerrero Vacas, Jose Carlos"]
[Black "Guerreiro, Jose Velho"]
[Result "0-1"]
[WhiteElo "1649"]
[BlackElo "1533"]
[PlyCount "60"]
[EventDate "2022.08.02"]
[EventType "swiss"]
[EventRounds "9"]
[EventCountry "ESP"]
[SourceTitle "EXT 2023"]
[Source "ChessBase"]
[SourceDate "2022.10.05"]
[SourceVersion "1"]
[SourceVersionDate "2022.10.05"]
[SourceQuality "1"]

1. d4 Nf6 2. c4 d5 3. e3 e6 4. Nf3 c6 5. Nc3 Be7 6. c5 Nbd7 7. b4 Qc7 8. Bd3 e5 9. dxe5 Nxe5 10. Be2 a5 11. Ba3 axb4 12. Bxb4 Bf5 13. 0-0 Nfd7 14. Nxe5 Qxe5 15. Qd4 Bf6 16. Rfd1 0-0 17. a3 Qe7 18. Qf4 Bg6 19. Rac1 Be5 20. Qf3 Nf6 21. h3 Ne4 22. Nxd5 cxd5 23. c6 Bd6 24. cxb7 Qxb7 25. Bxd6 Nxd6 26. Rxd5 Be4 27. Qh5 Qxd5 28. Qxd5 Bxd5 29. Rd1 Ra5 30. f3 Bc4 0-1

[Event "Merida World Heritage op 2nd"]
[Site "Merida"]
[Date "2022.08.04"]
[Round "4"]
[White "Garcia Molero, Alejandro"]
[Black "Guerreiro, Jose Velho"]
[Result "1-0"]
[WhiteElo "1844"]
[BlackElo "1533"]
[PlyCount "59"]
[EventDate "2022.08.02"]
[EventType "swiss"]
[EventRounds "9"]
[EventCountry "ESP"]
[SourceTitle "EXT 2023"]
[Source "ChessBase"]
[SourceDate "2022.10.05"]
[SourceVersion "1"]
[SourceVersionDate "2022.10.05"]
[SourceQuality "1"]

1. d4 d5 2. c4 e6 3. Nc3 Nf6 4. cxd5 Nxd5 5. e4 Nf6 6. Nf3 h6 7. Bc4 Bb4 8. Qe2 0-0 9. 0-0 Bxc3 10. bxc3 b6 11. Ba3 Re8 12. Rfd1 Bb7 13. Bd3 Nbd7 14. Rac1 Rc8 15. e5 Nh5 16. Qe3 Bxf3 17. Qxf3 Qg5 18. g3 g6 19. Rc2 Ng7 20. Bc1 Qe7 21. Bxh6 c5 22. Bxg7 Kxg7 23. Bb5 Red8 24. Qb7 cxd4 25. Rxd4 Qc5 26. Rxd7 Rxd7 27. Qxd7 Rc7 28. Qd3 Qxe5 29. Ba4 Rc5 30. Qd4 1-0

[Event "POR-ch U14"]
[Site "Luso"]
[Date "2018.03.25"]
[Round "2"]
[White "Guerreiro, Jose Velho"]
[Black "Sousa, Ana Joao Rodrigues"]
[Result "1-0"]
[WhiteElo "1443"]
[BlackElo "1258"]
[PlyCount "147"]
[EventDate "2018.03.24"]
[EventType "swiss"]
[EventRounds "7"]
[EventCountry "POR"]
[SourceTitle "EXT 2019"]
[Source "ChessBase"]
[SourceDate "2018.10.10"]
[SourceVersion "1"]
[SourceVersionDate "2018.10.10"]
[SourceQuality "1"]

1. d4 Nf6 2. c4 g6 3. Nc3 Bg7 4. Nf3 0-0 5. Bf4 d6 6. Qd2 c5 7. d5 Re8 8. Bh6 e5 9. e4 Bg4 10. Be2 Nbd7 11. h3 Bxf3 12. Bxf3 Nb6 13. b3 Nc8 14. 0-0 Qa5 15. Bxg7 Kxg7 16. Rfd1 b6 17. Nb5 Qxd2 18. Rxd2 Re7 19. Re2 a6 20. Nc3 Na7 21. Rb2 b5 22. a3 Rb7 23. Rab1 Rab8 24. Nd1 b4 25. axb4 Rxb4 26. Ne3 a5 27. Ra2 Rxb3 28. Rxb3 Rxb3 29. Rxa5 Nc8 30. Ra8 Nb6 31. Rb8 Rb4 32. Nc2 Rb2 33. Ne3 Nxc4 34. Rxb2 Nxb2 35. Kf1 Kf8 36. Ke2 Ke7 37. Kd2 Kd7 38. Kc2 Na4 39. Kb3 Nb6 40. Ng4 Nxg4 41. Bxg4+ Kc7 42. Be2 h5 43. h4 Nd7 44. Kc4 Kb6 45. g3 Ka5 46. Kb3 Nf6 47. f3 Nd7 48. f4 f6 49. f5 gxf5 50. exf5 Nb6 51. Bf3 c4+ 52. Kc3 Kb5 53. Kc2 Kc5 54. Bxh5 Nxd5 55. Kd2 c3+ 56. Kd3 Ne7 57. g4 Kb4 58. Kc2 d5 59. Bf7 e4 60. g5 d4 61. Bh5 fxg5 62. f6 d3+ 63. Kc1 Nd5 64. f7 d2+ 65. Kb1 Kb3 66. Bd1+ Kc4 67. f8Q c2+ 68. Kxc2 Ne3+ 69. Kxd2 Nxd1 70. Kxd1 gxh4 71. Qf4 Kd3 72. Qxh4 Ke3 73. Qg3+ Kd4 74. Kd2 1-0

[Event "POR-ch U14"]
[Site "Luso"]
[Date "2017.04.11"]
[Round "6"]
[White "Correia, Bruno Filipe Soares"]
[Black "Guerreiro, Jose Velho"]
[Result "1/2-1/2"]
[WhiteElo "1242"]
[BlackElo "1462"]
[PlyCount "64"]
[EventDate "2017.04.08"]
[EventType "swiss"]
[EventRounds "8"]
[EventCountry "POR"]
[SourceTitle "EXT 2018"]
[Source "ChessBase"]
[SourceDate "2017.10.13"]
[SourceVersion "1"]
[SourceVersionDate "2017.10.13"]
[SourceQuality "1"]

1. d4 Nf6 2. c4 e6 3. Nc3 d5 4. cxd5 Nxd5 5. e4 Nxc3 6. bxc3 Nc6 7. Bb5 Bd7 8. Ne2 a6 9. Bxc6 Bxc6 10. f3 Be7 11. 0-0 0-0 12. Bf4 Bg5 13. Qd2 Bxf4 14. Qxf4 Qe7 15. Rfd1 Rfd8 16. Ng3 Rd7 17. Qg4 Qf6 18. e5 Qg6 19. Qxg6 hxg6 20. Ne4 b6 21. a3 Rad8 22. Rab1 Ba4 23. Rd2 Rd5 24. Rb4 b5 25. Rbb2 a5 26. Kf2 c6 27. Ke3 Kf8 28. Nd6 c5 29. f4 cxd4+ 30. cxd4 Rb8 31. Rd3 b4 32. g4 Ke7 1/2-1/2

[Event "POR-ch U14"]
[Site "Luso"]
[Date "2017.04.08"]
[Round "1"]
[White "Sousa, Ana Joao Rodrigues"]
[Black "Guerreiro, Jose Velho"]
[Result "0-1"]
[WhiteElo "1088"]
[BlackElo "1462"]
[PlyCount "164"]
[EventDate "2017.04.08"]
[EventType "swiss"]
[EventRounds "8"]
[EventCountry "POR"]
[SourceTitle "EXT 2018"]
[Source "ChessBase"]
[SourceDate "2017.10.13"]
[SourceVersion "1"]
[SourceVersionDate "2017.10.13"]
[SourceQuality "1"]

1. e4 c5 2. Nf3 Nc6 3. d4 cxd4 4. Nxd4 g6 5. Nc3 Bg7 6. Be3 Nf6 7. Bc4 Qa5 8. Qd3 Ne5 9. Qe2 Nxe4 10. Bd2 Nxd2 11. Kxd2 Nxc4+ 12. Qxc4 Qg5+ 13. Ke2 Qe5+ 14. Kd3 Qxd4+ 15. Qxd4 Bxd4 16. Kxd4 0-0 17. Rhe1 e6 18. Rad1 b6 19. f3 Ba6 20. Ke3 d5 21. Kf2 Rac8 22. Rd2 Rc7 23. Re3 Rfc8 24. g4 b5 25. a3 Rc4 26. Red3 b4 27. axb4 Rxb4 28. Na2 Rxb2 29. Ra3 Rbxc2 30. Rxc2 Rxc2+ 31. Kg3 Bc4 32. Nb4 Rb2 33. Nc6 a6 34. Na5 Bb5 35. Nb3 Kf8 36. Nd4 Rb4 37. Nc2 Ra4 38. Rc3 Rc4 39. Rxc4 dxc4 40. Kf4 Kg7 41. Ke5 Ba4 42. Nb4 c3 43. Na2 c2 44. Kd4 Bb3 45. Nc1 Bd5 46. f4 f5 47. g5 h6 48. h4 hxg5 49. hxg5 Kf7 50. Kc3 Be4 51. Kb4 Ke7 52. Ka5 e5 53. fxe5 Ke6 54. Kxa6 Kxe5 55. Kb5 Kf4 56. Kc4 Kxg5 57. Kd4 Kf4 58. Ne2+ Kf3 59. Ng1+ Kf2 60. Nh3+ Kg3 61. Ng1 g5 62. Ke3 Kg2 63. Ne2 Bf3 64. Nc1 f4+ 65. Kd2 Bd1 66. Nd3 f3 67. Ne1+ Kg1 68. Nxf3+ Bxf3 69. Kxc2 Kf2 70. Kd3 g4 71. Kd4 g3 72. Ke5 g2 73. Kf5 g1Q 74. Kf6 Qg4 75. Ke5 Qe4+ 76. Kd6 Qd5+ 77. Ke7 Qc6 78. Kf7 Bd5+ 79. Ke7 Qe6+ 80. Kd8 Qf6+ 81. Kc8 Qe7 82. Kb8 Qb7# 0-1

[Event "Lisbon Portugal rapid op"]
[Site "Lisbon"]
[Date "2017.02.11"]
[Round "1"]
[White "Guerreiro, Jose Velho"]
[Black "Santos, Jose Alves"]
[Result "0-1"]
[WhiteElo "1453"]
[BlackElo "2193"]
[PlyCount "36"]
[EventDate "2017.02.11"]
[EventType "swiss (rapid)"]
[EventRounds "8"]
[EventCountry "POR"]
[SourceTitle "CBM 176 Extra"]
[Source "ChessBase"]
[SourceDate "2017.03.02"]
[SourceVersion "1"]
[SourceVersionDate "2017.03.02"]
[SourceQuality "1"]

1. d4 d5 2. c4 e5 3. Nc3 exd4 4. Qxd4 Nc6 5. Qxd5 Be6 6. Qxd8+ Rxd8 7. e4 Nb4 8. a3 Nc2+ 9. Ke2 Nxa1 10. Kf3 Nb3 11. Bg5 Nd2+ 12. Bxd2 Rxd2 13. Nge2 Rd3+ 14. Kf4 Nf6 15. Ng3 g5+ 16. Kxg5 Rg8+ 17. Kxf6 Rg6+ 18. Ke5 Bd6# 0-1